000 00638nam a2200229Ia 4500
003 OSt
005 20220918214221.0
006 a|||||r|||| 00| 0
007 ta
008 220917b |||||||| |||| 00| 0 eng d
024 _a136,366
037 _cTextual
040 _aARTS
_cARTS
_beng
041 _2eng
_aeng
082 _aX8:294, M1
100 _aRees John ed
_933363
245 0 _aIndustrial location and regional systems
_b spatial organization in the economic sector
260 _aN.Y
_bberlin Pub
_c1981
650 _aECONOMICS
942 _hX8:294, M1
_cTEXL
_2CC
999 _c259456
_d259456